La ley de Cristo
Spremljeno u:
| Glavni autor: | |
|---|---|
| Format: | Knjiga |
| Jezik: | španjolski |
| Izdano: |
Barcelona
Herder
1970
|
| Serija: | Biblioteca Herder, 33
|
| Teme: | |
| Oznake: |
Dodaj oznaku
Bez oznaka, Budi prvi tko označuje ovaj zapis!
|
MARC
| LEADER | 00000nam a2200000 a 4500 | ||
|---|---|---|---|
| 001 | UCR3103 | ||
| 003 | CL-VaPUC | ||
| 008 | 980123e19700000SP |||||||||||||||||spa|d | ||
| 082 | 0 | 4 | |a 241 |b HAR |2 21 |
| 100 | 0 | |a Häring, Bernhard |e author |9 349274 | |
| 245 | 1 | 3 | |a La ley de Cristo |
| 300 | |a v | ||
| 942 | |c BK | ||
| 945 | |d 19980123 00:00:00 |a rleighto | ||
| 260 | |a Barcelona |b Herder |c 1970 | ||
| 500 | |a v.1: La teología moral expuesta a sacerdotes y seglares | ||
| 600 | 0 | |a Jesús |9 313614 | |
| 650 | 0 | |a Teología moral |9 256617 | |
| 650 | 0 | |a Vida cristiana |9 258753 | |
| 650 | 0 | |a Religión |9 255164 | |
| 650 | 0 | |a Pecado |9 314980 | |
| 650 | 0 | |a Libertad |9 255686 | |
| 650 | 0 | |a Biblia |9 257603 | |
| 650 | 7 | |a CONVERSION |2 CL-VaPUC |9 310975 | |
| 583 | |a last modification |c 19980123 00:00:00 |k Rodrigo Vera | ||
| 490 | 0 | |a Biblioteca Herder, 33 | |
| 999 | |c 266209 |d 266207 | ||
| 952 | |0 0 |1 0 |4 0 |6 241_000000000000000_HAR_1970 |7 0 |8 A |9 297612 |a BIBTEO |b BIBTEO |d 2019-11-20 |h v.1 |i 3384853 |o 241 HAR 1970 |p 3384853 |r 2025-01-17 |w 2019-11-20 |y BK |k ICR | ||
| 952 | |0 0 |1 0 |4 0 |6 241_000000000000000_HAR_1970 |7 0 |8 A |9 297613 |a BIBTEO |b BIBTEO |d 2019-11-20 |h v.2 |i 3385132 |o 241 HAR 1970 |p 3385132 |r 2025-01-17 |w 2019-11-20 |y BK |k ICR | ||